Ballon d'Or - classement 2009 - Statistiques

Statistiques générales
  • Ce quiz a été pris 60 fois
  • Le résultat moyen est 25 sur 30
Statistiques - réponses
Poste Club Nationalité Rang Réponse % Correct
Attaquant FC Barcelone Argentine 1 Lionel Messi
100%
Attaquant Real Madrid Portugal 2 Cristiano Ronaldo
98%
Milieu FC Barcelone Espagne 4 Andrés Iniesta
96%
Attaquant Inter Milan Cameroun 5 Samuel Eto'o
96%
Milieu FC Barcelone Espagne 3 Xavi
96%
Attaquant FC Barcelone Suède 7 Zlatan Ibrahimović
96%
Attaquant Chelsea Côte d'Ivoire 9 Didier Drogba
94%
Gardien Real Madrid Espagne 17 Iker Casillas
92%
Attaquant Manchester United Angleterre 8 Wayne Rooney
92%
Attaquant Liverpool Espagne 11 Fernando Torres
91%
Milieu Bayern Munich France 28 Franck Ribéry
91%
Défenseur Manchester United Serbie 18 Nemanja Vidić
91%
Milieu Liverpool Angleterre 10 Steven Gerrard
91%
Attaquant FC Barcelone France 15 Thierry Henry
91%
Milieu FC Barcelone Côte d'Ivoire 29 Yaya Touré
91%
Milieu Bordeaux France 20 Yoann Gourcuff
91%
Milieu Chelsea Angleterre 23 Frank Lampard
89%
Attaquant Real Madrid France 30 Karim Benzema
89%
Attaquant Atlético Madrid Uruguay 19 Diego Forlán
87%
Milieu Manchester United Pays de Galles 14 Ryan Giggs
87%
Attaquant Wolfsburg Bosnie 13 Edin Džeko
83%
Milieu Arsenal Espagne 12 Cesc Fàbregas
81%
Défenseur Chelsea Angleterre 27 John Terry
81%
Gardien Inter Milan Brésil 22 Júlio César
81%
Milieu Real Madrid Brésil 6 Kaká
79%
Milieu Arsenal Russie 21 Andreï Archavine
70%
Attaquant Valence CF Espagne 26 David Villa
68%
Défenseur Inter Milan Brésil 24 Maicon Douglas
66%
Attaquant FC Séville Brésil 16 Luís Fabiano
21%
Milieu Juventus Brésil 25 Diego
17%
Aucun quiz correspondant
Distribution des résultats
% des personnes avec chaque résultat
Percentile par nombre de réponses
Votre historique - résultats
Vous n’avez pas pris ce quiz